| 000 | 00810nam a22001937a 4500 | ||
|---|---|---|---|
| 999 |
_c7739 _d7739 |
||
| 003 | AR-CdUCM | ||
| 008 | 190321b ||||| |||| 00| 0 spa d | ||
| 040 |
_aMUNICIPALIDAD PROVINCIAL DEL CUSCO _cBIBLIOTECA MUNICIPAL DEL CUSCO |
||
| 082 |
_a344.5 / _bK62 |
||
| 100 |
_aKlitgaard, Robert _99458 |
||
| 245 | _aControlando la corrupción / | ||
| 260 |
_aLa Paz : _bQuipus, _c1990. |
||
| 300 |
_a211 páginas ; _c20.5 cm. |
||
| 505 | _aContenido: Los cazadores del dinero malhabido: cuando y como conformar una agencia anticorrupción -- La combinación de políticas internas y externas -- La corrupción en el conflicto entre culturas -- Estrategias de implementación ... | ||
| 650 |
_aCorrupción administrativa _921867 |
||
| 650 |
_aPolíticas anticorrupción _921868 |
||
| 942 |
_2ddc _cLIBROS |
||
| 945 | _aafb | ||